Asian Capitals by Letter - B - Statistics

General Stats
  • This quiz has been taken 93 times
    87 since last reset
  • The average score is 6 of 7
Answer Stats
Answer % Correct
Beijing
94%
Baghdad
87%
Bangkok
84%
Beirut
84%
Baku
81%
Bandar Seri Begawan
81%
Bishkek
77%
No matching quizzes found
Score Distribution
Percent of People with Each Score
Percentile by Number Answered
Your Score History
You have not taken this quiz since the last reset